000 00676cam a22002533a 4500
001 31980
003 PGUSA
005 20140828083707.0
008 100414s2010||||xxu|||||s|||||000 1 eng d
040 _aPGUSA
_beng
042 _adc
050 4 _aPS
100 1 _aJanis, Jean M.
245 1 0 _aRough Translation
_h[electronic resource] /
_cJean M. Janis
260 _bProject Gutenberg,
_c2010
506 _aPublic domain in the USA.
516 _aElectronic text
653 _aShort stories
653 _aScience fiction
700 1 _aHunter, Mel,
_d1927-2004
830 0 _aProject Gutenberg
_v31980
856 4 0 _uhttp://www.gutenberg.org/ebooks/31980
942 _cEB
999 _c261235
_d261235